Harrison's Principles of internal Medicine / (Record no. 35973)

MARC details
000 -LEADER
fixed length control field 00554nam a22002057a 4500
005 - DATE AND TIME OF LATEST TRANSACTION
control field 20240627093129.0
008 - FIXED-LENGTH DATA ELEMENTS--GENERAL INFORMATION
fixed length control field 240626b |||||||| |||| 00| 0 eng d
020 ## - INTERNATIONAL STANDARD BOOK NUMBER
ISBN 9780071802130
082 ## - DEWEY DECIMAL CLASSIFICATION NUMBER
Classification number 616
Item number HAR
245 ## - TITLE STATEMENT
Title Harrison's Principles of internal Medicine /
Statement of responsibility, etc. Kasper, Fauci, Hauser
250 ## - EDITION STATEMENT
Edition statement 19th ed.
260 ## - PUBLICATION, DISTRIBUTION, ETC.
Place of Publication USA;
Name of publisher, distributor, etc. Library of congress ;
Date of publication, distribution, etc. 2015
300 ## - PHYSICAL DESCRIPTION
Pages xxxviii;465p.
490 ## - SERIES STATEMENT
Volume vol 1.
500 ## - GENERAL NOTE
General note include index .
650 ## - SUBJECT ADDED ENTRY--TOPICAL TERM
Subject / Department Medical / Medicine
700 ## - ADDED ENTRY--PERSONAL NAME
Personal name Kasper,
700 ## - ADDED ENTRY--PERSONAL NAME
Personal name Fauci,
300 ## - PHYSICAL DESCRIPTION
-- ill;
-- 27 cm.
952 ## - LOCATION AND ITEM INFORMATION (KOHA)
-- 0
-- 0
952 ## - LOCATION AND ITEM INFORMATION (KOHA)
-- 0
-- 0
952 ## - LOCATION AND ITEM INFORMATION (KOHA)
-- 0
-- 0
952 ## - LOCATION AND ITEM INFORMATION (KOHA)
-- 0
-- 0
952 ## - LOCATION AND ITEM INFORMATION (KOHA)
-- 0
-- 0
952 ## - LOCATION AND ITEM INFORMATION (KOHA)
-- 0
-- 0
952 ## - LOCATION AND ITEM INFORMATION (KOHA)
-- 0
-- 0
952 ## - LOCATION AND ITEM INFORMATION (KOHA)
-- 0
-- 0
952 ## - LOCATION AND ITEM INFORMATION (KOHA)
-- 0
-- 0
Holdings
Lost status Damaged status Collection code Permanent Location Current Location Shelving Location Date acquired Full Call Number Accession No./Barcode Date last seen Copy number item type Koha item type
    Medical Superior Information Resource Center (SIRC) Superior University- Central Library Superior Information Resource Center (SIRC) Superior University- Central Library Medicine 06/26/2024 616 HAR 2015 6539 06/26/2024 1 BOOK BOOK
    Medical Superior Information Resource Center (SIRC) Superior University- Central Library Superior Information Resource Center (SIRC) Superior University- Central Library Medicine 06/26/2024 616 HAR 2015 6541 06/26/2024 2 BOOK BOOK
    Medical Superior Information Resource Center (SIRC) Superior University- Central Library Superior Information Resource Center (SIRC) Superior University- Central Library Medicine 06/26/2024 616 HAR 2015 6542 06/26/2024 3 BOOK BOOK
    Medical Superior Information Resource Center (SIRC) Superior University- Central Library Superior Information Resource Center (SIRC) Superior University- Central Library Medicine 06/26/2024 616 HAR 2015 12672 06/26/2024 4 BOOK BOOK
    Medical Superior Information Resource Center (SIRC) Superior University- Central Library Superior Information Resource Center (SIRC) Superior University- Central Library Medicine 06/26/2024 616 HAR 2015 12674 06/26/2024 5 BOOK BOOK
    Medical Superior Information Resource Center (SIRC) Superior University- Central Library Superior Information Resource Center (SIRC) Superior University- Central Library Medicine 06/26/2024 616 HAR 2015 12673 06/26/2024 6 BOOK BOOK
    Medical Superior Information Resource Center (SIRC) Superior University- Central Library Superior Information Resource Center (SIRC) Superior University- Central Library Medicine 06/26/2024 616 HAR 2015 12671 06/26/2024 7 BOOK BOOK
    Medical Superior Information Resource Center (SIRC) Superior University- Central Library Superior Information Resource Center (SIRC) Superior University- Central Library Medicine 06/26/2024 616 HAR 2015 12695 06/26/2024 8 BOOK BOOK
    Medical Superior Information Resource Center (SIRC) Superior University- Central Library Superior Information Resource Center (SIRC) Superior University- Central Library Medicine 06/27/2024 616 HAR 2015 6538 06/27/2024 9 BOOK BOOK

Powered by Koha